000 00473nam a2200217Ia 4500
001 13724
003 GE_BSU
008 181216s||||||||xx |||||||||||||| ||und||
020 _a0747239320
040 _cGE_BSU
080 _a821.111-3
100 _aCole,Martina.
245 _aDangerous lady.
250 _a10th anniversary edition.
260 _aLondon.
260 _bHedline.
260 _c1992
300 _a563p;18cm.
653 _aDangerous lady.
942 _cBK
999 _c46872
_d46872